Variations in wage rates under corresponding conditions, (Record no. 36151)

MARC details
000 -LEADER
fixed length control field 01107cam a22002651 4500
001 - CONTROL NUMBER
control field l 35000024
003 - CONTROL NUMBER IDENTIFIER
control field DLC
005 - DATE AND TIME OF LATEST TRANSACTION
control field 20260227111535.0
008 - FIXED-LENGTH DATA ELEMENTS--GENERAL INFORMATION
fixed length control field 931014s1935 dcua f000 0 eng
010 ## - LIBRARY OF CONGRESS CONTROL NUMBER
LC control number l 35000024
035 ## - SYSTEM CONTROL NUMBER
System control number (OCoLC)29014404
040 ## - CATALOGING SOURCE
Original cataloging agency DLC
Transcribing agency OrU
Modifying agency DLC
042 ## - AUTHENTICATION CODE
Authentication code premarc
050 00 - LIBRARY OF CONGRESS CALL NUMBER
Classification number HD6093
Item number .A3 no. 122
100 1# - MAIN ENTRY--PERSONAL NAME
Personal name Pidgeon, Mary Elizabeth.
245 10 - TITLE STATEMENT
Title Variations in wage rates under corresponding conditions,
Statement of responsibility, etc. by Mary Elizabeth Pidgeon ...
260 ## - PUBLICATION, DISTRIBUTION, ETC.
Place of publication, distribution, etc. Washington,
Name of publisher, distributor, etc. U.S. Govt. print. off.,
Date of publication, distribution, etc. 1935.
300 ## - PHYSICAL DESCRIPTION
Extent v, 57 p. incl. tables.
Dimensions 23 cm.
440 #0 - SERIES STATEMENT/ADDED ENTRY--TITLE
Title Bulletin (United States. Women's Bureau)
Volume/sequential designation no. 122
500 ## - GENERAL NOTE
General note At head of title: United States Department of labor. Frances Perkins, secretary. Women's bureau. Mary Anderson, director.
500 ## - GENERAL NOTE
General note "Statistical tables that formed the basis of the tabular material used in the text were prepared by Arcadia Near Phillips, statistician."--Letter of transmittal.
650 #0 - SUBJECT ADDED ENTRY--TOPICAL TERM
Topical term or geographic name entry element Wages
Geographic subdivision United States.
650 #0 - SUBJECT ADDED ENTRY--TOPICAL TERM
Topical term or geographic name entry element Women
General subdivision Employment
Geographic subdivision United States.
700 1# - ADDED ENTRY--PERSONAL NAME
Personal name Phillips, Arcadia Dowdell
Fuller form of name (Near)
Titles and other words associated with a name Mrs.

No items available.

Powered by Koha